Система государственного и муниципального управления. (ბიბ.ჩანაწერი № 44549)
[ მარტივი ფორმატი ]
| 000 -LEADER | |
|---|---|
| fixed length control field | 00614nam a2200157Ia 4500 |
| 001 - CONTROL NUMBER | |
| control field | 11352 |
| 003 - CONTROL NUMBER IDENTIFIER | |
| control field | GE_BSU |
| 008 - FIXED-LENGTH DATA ELEMENTS--GENERAL INFORMATION | |
| fixed length control field | 181216s||||||||xx |||||||||||||| ||und|| |
| 040 ## - CATALOGING SOURCE | |
| Transcribing agency | GE_BSU |
| 100 ## - MAIN ENTRY--PERSONAL NAME | |
| Personal name | Ю.Н.Шедко; Ю.Б.Миндлин;И.С.Цыпин и др. |
| 245 ## - TITLE STATEMENT | |
| Title | Система государственного и муниципального управления. |
| 245 ## - TITLE STATEMENT | |
| Remainder of title | Учебник для бакалавров. |
| 245 ## - TITLE STATEMENT | |
| Statement of responsibility, etc. | Под.ред:Ю.Н.Шедько. |
| 653 ## - INDEX TERM--UNCONTROLLED | |
| Uncontrolled term | Система государственного и муниципального управления. |
| 942 ## - ADDED ENTRY ELEMENTS (KOHA) | |
| Koha item type | წიგნი |
არაა ხელმისაწვდომი ეგზემპლარები.
